The art and architecture of the ancient Orient /

محفوظ في:

المؤلف الرئيسي: Frankfort, Henri, 1897-1954.

مؤلفون آخرون: Roaf, Michael., Matthews, Donald.

التنسيق: كتاب

اللغة: English

منشور في: New Haven : Yale University Press, 1996.

الطبعة: 5th ed. /

سلاسل: Yale University Press Pelican history of art.

الموضوعات:

الوسوم: إضافة وسم

لا توجد وسوم, كن أول من يضع وسما على هذه التسجيلة!

رقم الطلب: N5345 .F7 1996

LEADER 01177cam a2200325 a 4500
001 ocm38749095
003 OCoLC
005 20240124091310.0
008 971215s1996 ctuab b 001 0 eng
010 |a  97224901  
020 |a 0300064705  |q (alk. paper) 
020 |a 9780300064704  |q (alk. paper) 
043 |a aw----- 
050 0 0 |a N5345  |b .F7 1996 
100 1 |a Frankfort, Henri,  |d 1897-1954. 
245 1 4 |a The art and architecture of the ancient Orient /  |c Henri Frankfort. 
250 |a 5th ed. /  |b with supplementary notes and additional bibliography and abbreviations by Michael Roaf and Donald Matthews. 
264 1 |a New Haven :  |b Yale University Press,  |c 1996. 
300 |a 483 pages :  |b illustrations, maps ;  |c 21 cm. 
336 |a text  |b txt  |2 rdacontent 
337 |a unmediated  |b n  |2 rdamedia 
338 |a volume  |b nc  |2 rdacarrier 
490 1 |a Yale University Press Pelican history of art 
504 |a Includes bibliographical references and index. 
650 0 |a Art, Ancient  |z Middle East. 
650 0 |a Art  |z Middle East. 
700 1 |a Roaf, Michael. 
700 1 |a Matthews, Donald. 
830 0 |a Yale University Press Pelican history of art. 
999 |c 55616  |d 55616